Szczegóły MARC21

Zeszyty Naukowe. Ekonomia /

001 -Numer kontrolny rekordu [,]
    • @
    • pole kontrolne
    • ee96402923
005 -Data i czas ostatniej zmiany [,]
    • @
    • Data ostatniej zmiany
    • 20241231091341.0
035 -Inne numery kontrolne [ , ]
    • a
    • Numer kontrolny
    • (OCoLC)68756740
040 -Instytucja sporządzająca opis [ , ]
    • a
    • Instytucja, która sporządziła opis (NP)
    • WR U/IZ
    • c
    • Instytucja, która sporządziła rekord (NP)
    • WR U/IZ
    • d
    • Instytucja, która zmodyfikowała rekord (P)
    • WR U/JŁ
    • d
    • Instytucja, która zmodyfikowała rekord (P)
    • KR 7/AM
041 -Język dokumentu [0, ]
    • a
    • Język tekstu (P)
    • polski
    • b
    • Język streszczeń(P)
    • eng
942 -Rodzaj dokumentu [ , ]
    • c
    • Rodzaj dokumentu
    • Wydaw. ciągłe w tym czasopisma
998 -Inne dane NUKAT [ , ]
    • a
    • Numer systemowy
    • vtls000032269
245 -Strefa tytułu i oznaczenia odpowiedzialności [0,0]
    • a
    • Tytuł
    • Zeszyty Naukowe.
    • p
    • Nazwa części (P)
    • Ekonomia /
    • c
    • Pozostałe elementy strefy tytułu i oznaczenia odpowiedzialności (NP)
    • Wyższa Szkoła Pedagogiczna w Opolu.
246 -Wariant tytułu [1,0]
    • a
    • Tytuł (NP)
    • Ekonomia
246 -Wariant tytułu [1,4]
    • a
    • Tytuł (NP)
    • Zeszyty Naukowe Wyższej Szkoły Pedagogicznej w Opolu.
    • p
    • Nazwa części (P)
    • Ekonomia
260 -Strefa adresu wydawniczego [ , ]
    • a
    • Miejsce wydania (P)
    • Opole :
    • b
    • Nazwa wydawcy (P)
    • WSP,
    • c
    • Data wydania (P)
    • 1965-1967.
300 -Strefa opisu fizycznego [ , ]
    • c
    • Format (NP)
    • 24 cm.
310 -Częstotliwość [ , ]
    • a
    • Częstotliwość
    • Niereg.
336 -Typ zawartości [ , ]
    • a
    • Termin opisujący typ zawartości
    • Tekst
    • b
    • Typ/rodzaj nośnika
    • txt
    • 2
    • Źródło (termin i kod)
    • rdacontent
337 -Typ mediów [ , ]
    • a
    • Tryb odtwarzania
    • Bez urządzenia pośredniczącego
    • b
    • Kod typu mediów
    • n
    • 2
    • Źródło (termin i kod)
    • rdamedia
338 -Typ/rodzaj nośnika [ , ]
    • a
    • Hasło opisujące typ nośnika
    • Wolumin
    • b
    • Kod typu nośnika
    • nc
    • 2
    • Źródło (termin i kod)
    • rdacarrier
362 -Strefa numeracji [0, ]
    • a
    • Strefa numeracji
    • 1 (1965)-2(1967).
546 -Uwaga dot. języka [ , ]
    • a
    • Uwaga dot. języka
    • Streszcz. w jęz. ang.
610 -SUBJECT ADDED ENTRY--CORPORATE NAME [2,7]
    • a
    • Corporate name or jurisdiction name as entry element
    • Wyższa Szkoła Pedagogiczna im. Powstańców Śląskich
650 -Hasło przedmiotowe - nazwa pospolita [ ,7]
    • a
    • Hasło przedmiotowe
    • Ekonomia
    • y
    • Określnik chronologiczny
    • 19 w.
650 -Hasło przedmiotowe - nazwa pospolita [ ,7]
    • a
    • Hasło przedmiotowe
    • Ekonomia
710 -Hasło dodatkowe - nazwa ciała zbiorowego [2, ]
    • a
    • Nazwa ciała zbiorowego lub nazwa geograficzna jako pierwszy element (NP)
    • Wyższa Szkoła Pedagogiczna (Opole).
785 -Tytuł następny wydawnictwa [0,0]
    • t
    • Title
    • Zeszyty Naukowe. Ekonomia / Wyższa Szkoła Pedagogiczna im. Powstańców Śląskich w Opolu
    • g
    • Relationship information
    • 3 (1972)
    • x
    • International Standard Serial Number
    • 0474-2966
    • w
    • Record control number
    • (NUKAT)ee96402916
866 -Niesformalizowane zestawienie zasobów [4,0]
    • 1
    • Numer porządkowy egz.
    • 1
    • 8
    • Numer przyłączenia i sekwencyjny
    • zasób tylko w polu 866
852 -Numer inwentarzowy [ , ]
    • 1
    • Numer porządkowy egz.
    • 1
    • a
    • Lokalizacja siglum biblioteki
    • SZCZ U
952 -Egzemplarz [ , ]
    • a
    • Numer inwentarzowy
    • Ec.27640
    • c
    • Sygnatura
    • Ec.27640
    • d
    • Lokalizacja
    • BE Biblioteka Ekonomiczna
    • i
    • Nr tomu wydaw.cg
    • 1 (1965)
    • p
    • Kod kreskowy
    • 2003200276402
    • r
    • Cena
    • 11.00
    • y
    • Status udostępniania
    • Tylko na miejscu
    • z
    • Sposób nabycia
952 -Egzemplarz [ , ]
    • a
    • Numer inwentarzowy
    • Ec.27641
    • c
    • Sygnatura
    • Ec.27640
    • d
    • Lokalizacja
    • BE Biblioteka Ekonomiczna
    • i
    • Nr tomu wydaw.cg
    • 2 (1967)
    • p
    • Kod kreskowy
    • 2003200276419
    • r
    • Cena
    • 8.00
    • y
    • Status udostępniania
    • Tylko na miejscu
    • z
    • Sposób nabycia